Antropología y turismo:nuevas bordas, viejas culturas (Registro nro. 9990)
[ vista simple ]
| 000 -CABECERA | |
|---|---|
| campo de control de longitud fija | 00509nam a22002057a 4500 |
| 005 - FECHA Y HORA DE ACTUALIZACIÓN | |
| campo de control | 20171127105108.0 |
| 008 - LONGITUD FIJA | |
| campo de control de longitud fija | 171127b xxu||||| |||| 00| 0 spa d |
| 041 ## - IDIOMA | |
| Código de idioma del texto/pista de sonido o título separado | |
| 082 ## - CLASIFICACIÓN DECIMAL DEWEY | |
| Número de clasificación | 2.9 S232a |
| 100 ## - AUTOR PERSONAL | |
| Nombre de persona | Satana, Agustín |
| 245 ## - TÍTULO PROPIAMENTE DICHO | |
| Título | Antropología y turismo:nuevas bordas, viejas culturas |
| 260 ## - PIE DE IMPRENTA | |
| Lugar de publicación, distribución, etc. | España |
| 260 ## - PIE DE IMPRENTA | |
| Nombre del editor, distribuidor, etc. | Ariel |
| 260 ## - PIE DE IMPRENTA | |
| Fecha de publicación, distribución, etc. | 1997 |
| 300 ## - DESCRIPCIÓN FÍSICA | |
| Extensión | 220 páginas |
| 650 ## - Materia General | |
| Materia general | ARQUEOLOGÍA |
| 650 ## - Materia General | |
| Materia general | ANTROPOLOGÍA |
| 650 ## - Materia General | |
| Materia general | TURISMO |
| 942 ## - Punto de Acceso Adicional Koha | |
| Tipo de ítem Koha | Libro |
| Estado perdido | Estado dañado | No para préstamo | Biblioteca permanente | Biblioteca actual | Signatura completa | Código de barras | Precio efectivo a partir del | Tipo de ítem |
|---|---|---|---|---|---|---|---|---|
| Departamento de Biblioteca y Documentación Alfonso Chase Brenes | Departamento de Biblioteca y Documentación Alfonso Chase Brenes | 2.9 S232a | 4659 | 27/11/2017 | Libro |